<?xml version="1.0" encoding="UTF-8"?>
<collection xmlns="http://www.loc.gov/MARC21/slim">
    <record>
        <controlfield tag="001">69702</controlfield>
        <controlfield tag="005">20190709135609.0</controlfield>
        <datafield tag="024" ind1="8" ind2=" ">
            <subfield code="2">sideral</subfield>
            <subfield code="a">104716</subfield>
        </datafield>
        <datafield tag="037" ind1=" " ind2=" ">
            <subfield code="a">ART-2017-104716</subfield>
        </datafield>
        <datafield tag="041" ind1=" " ind2=" ">
            <subfield code="a">spa</subfield>
        </datafield>
        <datafield tag="100" ind1=" " ind2=" ">
            <subfield code="a">Soto, R.</subfield>
        </datafield>
        <datafield tag="245" ind1=" " ind2=" ">
            <subfield code="a">Análisis de estrías en pliegues N-S del Pirineo central meridional</subfield>
        </datafield>
        <datafield tag="260" ind1=" " ind2=" ">
            <subfield code="c">2017</subfield>
        </datafield>
        <datafield tag="506" ind1="0" ind2=" ">
            <subfield code="a">Access copy available to the general public</subfield>
            <subfield code="f">Unrestricted</subfield>
        </datafield>
        <datafield tag="520" ind1="3" ind2=" ">
            <subfield code="a">Este trabajo muestra el análisis de indicadores cinemáticos (estrías) tomados sobre planos de estratificación de varios pliegues N-S con inmersión N de la vertiente meridional del Pirineo Central. Para explicar la orientación no perpendicular al eje del pliegue de varias estrías encontradas se han propuesto dos modelos geométricos relacionados con pliegues cilíndricos formados por mecanismo de flexural-slip: (1) dos etapas de plegamiento e inmersión sucesivas, y (2) plegamiento e inmersión simultáneos.   

This work studies the use of slickenfibres measured on bedding surfaces as kinematic indicators in N-S trending, N-plunging folds located in the Southern Pyrenees. To explain oblique to fold axis slickenfibres, two geometrical models are derived from flexural-slip mechanism of cylindrical folding: (1) two sequential stages of folding and plunging, and (2) simultaneous folding and plunging.</subfield>
        </datafield>
        <datafield tag="536" ind1=" " ind2=" ">
            <subfield code="9">info:eu-repo/grantAgreement/ES/MICINN/CGL2013-42670-P</subfield>
            <subfield code="9">info:eu-repo/grantAgreement/ES/MINECO/CGL2014-54118-C2-2-R</subfield>
        </datafield>
        <datafield tag="540" ind1=" " ind2=" ">
            <subfield code="9">info:eu-repo/semantics/openAccess</subfield>
            <subfield code="a">by</subfield>
            <subfield code="u">http://creativecommons.org/licenses/by/3.0/es/</subfield>
        </datafield>
        <datafield tag="592" ind1=" " ind2=" ">
            <subfield code="a">0.0</subfield>
            <subfield code="b">2017</subfield>
        </datafield>
        <datafield tag="593" ind1=" " ind2=" ">
            <subfield code="a">Geology</subfield>
            <subfield code="c">2017</subfield>
        </datafield>
        <datafield tag="655" ind1=" " ind2="4">
            <subfield code="a">info:eu-repo/semantics/article</subfield>
            <subfield code="v">info:eu-repo/semantics/publishedVersion</subfield>
        </datafield>
        <datafield tag="700" ind1=" " ind2=" ">
            <subfield code="0">(orcid)0000-0003-3652-3527</subfield>
            <subfield code="a">Casas-Sainz, A.M.</subfield>
            <subfield code="u">Universidad de Zaragoza</subfield>
        </datafield>
        <datafield tag="710" ind1="2" ind2=" ">
            <subfield code="1">2000</subfield>
            <subfield code="2">428</subfield>
            <subfield code="a">Universidad de Zaragoza</subfield>
            <subfield code="b">Dpto. Ciencias de la Tierra</subfield>
            <subfield code="c">Área Geodinámica Interna</subfield>
        </datafield>
        <datafield tag="773" ind1=" " ind2=" ">
            <subfield code="g">61 (2017), 67-70</subfield>
            <subfield code="p">Geogaceta</subfield>
            <subfield code="t">Geogaceta</subfield>
            <subfield code="x">0213-683X</subfield>
        </datafield>
        <datafield tag="856" ind1="4" ind2="1">
            <subfield code="u">http://www.sociedadgeologica.es/archivos/geogacetas/geo61/geo61_17p67_70.pdf</subfield>
            <subfield code="z">Texto completo de la revista</subfield>
        </datafield>
        <datafield tag="856" ind1="4" ind2=" ">
            <subfield code="s">638440</subfield>
            <subfield code="u">http://zaguan.unizar.es/record/69702/files/texto_completo.pdf</subfield>
            <subfield code="y">Versión publicada</subfield>
        </datafield>
        <datafield tag="856" ind1="4" ind2=" ">
            <subfield code="s">53727</subfield>
            <subfield code="u">http://zaguan.unizar.es/record/69702/files/texto_completo.jpg?subformat=icon</subfield>
            <subfield code="x">icon</subfield>
            <subfield code="y">Versión publicada</subfield>
        </datafield>
        <datafield tag="909" ind1="C" ind2="O">
            <subfield code="o">oai:zaguan.unizar.es:69702</subfield>
            <subfield code="p">articulos</subfield>
            <subfield code="p">driver</subfield>
        </datafield>
        <datafield tag="951" ind1=" " ind2=" ">
            <subfield code="a">2019-07-09-12:21:53</subfield>
        </datafield>
        <datafield tag="980" ind1=" " ind2=" ">
            <subfield code="a">ARTICLE</subfield>
        </datafield>
    </record>

    
</collection>